Historia del pensamiento económico / (Registro nro. 5764)

Detalles MARC
000 -LEADER
fixed length control field 01319nam a2200313Ia 4500
003 - CONTROL NUMBER IDENTIFIER
control field OSt
005 - DATE AND TIME OF LATEST TRANSACTION
control field 20200618200427.0
008 - FIXED-LENGTH DATA ELEMENTS--GENERAL INFORMATION
fixed length control field 191128s1990 sp ad gr 000 0dspa d
020 ## - INTERNATIONAL STANDARD BOOK NUMBER
International Standard Book Number 8403182430
040 ## - CATALOGING SOURCE
Original cataloging agency CO-JMCR
Transcribing agency CO-JMCR
041 1# - LANGUAGE CODE
Language code of text/sound track or separate title spa
Language code of original eng
082 04 - DEWEY DECIMAL CLASSIFICATION NUMBER
Classification number 330.15 /
Item number O819h
Edition number 23
100 1# - MAIN ENTRY--PERSONAL NAME
Personal name Oser, Jacob,
Relator term autor
9 (RLIN) 5801
245 10 - TITLE STATEMENT
Title Historia del pensamiento económico /
Statement of responsibility, etc. Jacob Oser, William C. Blanchfield ; traducción del inglés por Paloma Maldonado Pallas
250 ## - EDITION STATEMENT
Edition statement Primera edición
260 ## - PUBLICATION, DISTRIBUTION, ETC.
Place of publication, distribution, etc. Madrid :
Name of publisher, distributor, etc. Aguilar,
Date of publication, distribution, etc. 1980.
300 ## - PHYSICAL DESCRIPTION
Extent xx, 559 páginas :
Other physical details gráficos a blanco y negro ;
Dimensions 21 cm.
490 0# - SERIES STATEMENT
Series statement Biblioteca de ciencias sociales. Sección economía
504 ## - BIBLIOGRAPHY, ETC. NOTE
Bibliography, etc. note Bibliografía al final de cada capítulo.
505 0# - FORMATTED CONTENTS NOTE
Formatted contents note La escuela mercantilista -- La escuela fisiocrática -- La escuela clásica: precursores -- La escuela clásica: Adam Smith -- La escuela clásica: David Ricardo -- La escuela clásica: Thomas Robert Malthus
534 ## - ORIGINAL VERSION NOTE
Introductory phrase The evolution of economic thought
546 ## - LANGUAGE NOTE
Language note Traducido del inglés
650 14 - SUBJECT ADDED ENTRY--TOPICAL TERM
Topical term or geographic name entry element Pensamiento económico
9 (RLIN) 5802
650 24 - SUBJECT ADDED ENTRY--TOPICAL TERM
Topical term or geographic name entry element Historia económica
9 (RLIN) 5803
650 24 - SUBJECT ADDED ENTRY--TOPICAL TERM
Topical term or geographic name entry element Teoría económica
9 (RLIN) 5804
700 1# - ADDED ENTRY--PERSONAL NAME
Personal name Blanchfield, William C.,
Relator term autor
9 (RLIN) 5805
700 1# - ADDED ENTRY--PERSONAL NAME
Personal name Maldonado Pallas, Paloma,
Relator term traductora
9 (RLIN) 5806
942 ## - ADDED ENTRY ELEMENTS (KOHA)
Source of classification or shelving scheme Dewey Decimal Classification
Koha item type Books
Existencias
Withdrawn status Lost status Source of classification or shelving scheme Materials specified (bound volume or other part) Damaged status Not for loan Home library Current library Shelving location Date acquired Source of acquisition Cost, normal purchase price Total Checkouts Full call number Barcode Date last seen Copy number Price effective from Koha item type
    Dewey Decimal Classification Donación--15/04/2018--     Biblioteca Pública José María del Castillo y Rada Biblioteca Pública José María del Castillo y Rada General Stacks 11/28/2019 Donación 0.00   330.15 / O819h 430004185 05/16/2024 Ej.1 11/28/2019 Books